[Event "54. Miedzynarodowy Festiwal Szachowy im. Akiby Rubinsteina<br/>OPEN A "]
[Site "Polanica-Zdroj"]
[Date "1899-12-30"]
[Round "7.16"]
[White "Walkusz, Witoslaw"]
[Black "Banaszkiewicz, Mikolaj"]
[Result "1-0"]
[WhiteTitle "FM"]
[BlackTitle "I"]
[WhiteElo "2121"]
[BlackElo "1984"]

1. e4 e6 2. Qe2 c5 3. Nf3 Nc6 4. g3 d6 5. Bg2 Be7 6. O-O Nf6 7. c3 O-O 8. d4 cxd4
9. cxd4 e5 10. d5 Nb8 11. Nc3 Nbd7 12. Nh4 a5 13. Nf5 Nc5 14. Nxe7+ Qxe7 15. f4
exf4 16. Bxf4 Ng4 17. Bh3 Ne5 18. Bxc8 Raxc8 19. Qb5 Ned3 20. Rad1 Nxf4 21. Rxf4
f5 22. exf5 Qe3+ 23. Kg2 Rce8 24. Qf1 Re5 25. f6 Rxf6 26. Rxf6 gxf6 27. Qxf6 Ne4
28. Qd8+ Kg7 29. Qd7+ Kh8 30. Rf1 Qd2+ 31. Kg1 Qe3+ 32. Kh1 Nf2+ 33. Kg2 Re7 34.
Qd8+ 1-0

[Event "54. Miedzynarodowy Festiwal Szachowy im. Akiby Rubinsteina<br/>OPEN A "]
[Site "Polanica-Zdroj"]
[Date "1899-12-30"]
[Round "7.17"]
[White "Goslawski, Michal"]
[Black "Kawalko, Adam"]
[Result "1/2-1/2"]
[WhiteTitle "k"]
[BlackTitle "I"]
[WhiteElo "2110"]
[BlackElo "1869"]

1. Nf3 Nf6 2. g3 b6 3. Bg2 Bb7 4. O-O c5 5. c4 e6 6. Nc3 Be7 7. d4 cxd4 8. Qxd4
d6 9. Bg5 a6 10. Bxf6 Bxf6 11. Qf4 O-O 12. Rfd1 Be7 13. Ne4 Bxe4 14. Qxe4 Ra7
15. Nd4 Rd7 16. Qd3 Bf6 17. Qa3 Qc7 18. Rac1 Qc5 19. b4 Qc7 20. b5 Bxd4 21. Rxd4
a5 22. Rcd1 Rfd8 23. Qd3 g6 24. Qd2 Qc5 25. Qh6 Qe5 26. Bf3 Rc7 27. Qd2 Rcd7 28.
Re4 Qf6 29. Qe3 d5 30. Rf4 d4 31. Rdxd4 Qxd4 32. Rxd4 Rxd4 33. c5 bxc5 34. Qc3
Ra4 35. Qxc5 Rxa2 36. Qc7 Rf8 37. b6 a4 38. Kg2 Rb2 39. Qd6 Rb3 40. b7 a3 41.
Qd2 Rb5 1/2-1/2

[Event "54. Miedzynarodowy Festiwal Szachowy im. Akiby Rubinsteina<br/>OPEN A "]
[Site "Polanica-Zdroj"]
[Date "1899-12-30"]
[Round "7.18"]
[White "Bielinski, Dariusz"]
[Black "Golecki, Jan"]
[Result "1/2-1/2"]
[WhiteTitle "k+"]
[BlackTitle "I++"]
[WhiteElo "2100"]
[BlackElo "1943"]

1. Nf3 d5 2. g3 c5 3. c4 d4 4. b4 cxb4 5. a3 Nc6 6. axb4 Nxb4 7. Ba3 Nc6 8. d3
e5 9. Bxf8 Kxf8 10. Bg2 f6 11. O-O Nge7 12. Nbd2 Be6 13. Qb3 Rb8 14. Qa3 g5 15.
e3 g4 16. Ne1 Kg7 17. Nc2 Re8 18. exd4 Nxd4 19. Nxd4 Qxd4 20. Ne4 Nc8 21. Nc5
Re7 22. Rfb1 Bf5 23. Na6 Bxd3 24. Nxb8 Bxb1 25. Rxb1 e4 26. Qe3 Qxc4 27. Qf4 Qe6
28. Re1 f5 29. h3 h5 30. Rd1 e3 31. fxe3 Qxe3+ 32. Qxe3 Rxe3 33. Rd7+ Re7 34.
Bxb7 Rxd7 35. Nxd7 Nd6 36. Bd5 gxh3 37. Kh2 Kg6 38. Kxh3 a5 39. Ne5+ Kg5 40. Nf3+
Kg6 41. Kh4 a4 42. Ne5+ Kf6 43. Nd3 Ne4 44. Nf4 Nc3 45. Nxh5+ Ke5 46. Bf7 Nd5
47. Bxd5 Kxd5 48. Nf4+ Kc4 49. Ne2 a3 50. Nc1 Kc3 51. Kg5 Kb2 52. Nd3+ Kc2 53.
Nb4+ Kb3 54. Nd3 1/2-1/2

[Event "54. Miedzynarodowy Festiwal Szachowy im. Akiby Rubinsteina<br/>OPEN A "]
[Site "Polanica-Zdroj"]
[Date "1899-12-30"]
[Round "7.19"]
[White "Adamczewski, Maciej"]
[Black "Szelag, Zuzanna"]
[Result "1/2-1/2"]
[WhiteTitle "k"]
[BlackTitle "I++"]
[WhiteElo "2061"]
[BlackElo "1934"]

1. d4 Nf6 2. c4 c5 3. d5 e6 4. Nc3 exd5 5. cxd5 d6 6. h3 g6 7. e4 Bg7 8. Nf3 O-O
9. Bd3 Re8 10. O-O a6 11. a4 c4 12. Bxc4 Nxe4 13. Nxe4 Rxe4 14. Bd3 Re8 15. Bg5
Bf6 16. Re1 Nd7 17. Rxe8+ Qxe8 18. Qd2 Bxg5 19. Qxg5 Ne5 20. Nxe5 Qxe5 21. Qxe5
dxe5 22. Re1 Bd7 23. Rxe5 Bxa4 24. Re7 Bb3 25. d6 Bd5 26. Rc7 Rd8 27. d7 Kf8 28.
Bc4 Bxc4 29. Rxc4 Rxd7 30. Kf1 Rd2 31. Rb4 b5 32. Rb3 Rc2 33. Ra3 Rxb2 34. Rxa6
b4 35. Rb6 b3 36. g3 Rb1+ 37. Kg2 Ke7 38. Kf3 Kd7 39. Ke2 b2 40. h4 Ke7 41. Kf3
Kf8 42. Rb7 Kg7 43. Rb6 h6 44. Kg4 h5+ 1/2-1/2

[Event "54. Miedzynarodowy Festiwal Szachowy im. Akiby Rubinsteina<br/>OPEN A "]
[Site "Polanica-Zdroj"]
[Date "1899-12-30"]
[Round "7.20"]
[White "Kucharski, Bartlomiej"]
[Black "Shishkin, Vadim"]
[Result "0-1"]
[WhiteTitle "I+"]
[BlackTitle "GM"]
[WhiteElo "1938"]
[BlackElo "2461"]

1. d4 Nf6 2. Bf4 g6 3. Nc3 d5 4. e3 Bg7 5. h4 h5 6. Nf3 O-O 7. Be2 c5 8. Nb5 Na6
9. c3 Bg4 10. Ne5 Bxe2 11. Qxe2 Nd7 12. g4 Nf6 13. gxh5 Nxh5 14. O-O-O cxd4 15.
Nxd4 e6 16. Rdg1 Nc5 17. Nxg6 fxg6 18. Rxg6 Nxf4 19. exf4 Qc7 20. Rhg1 Qxf4+ 21.
Kc2 Rf7 22. b4 Qe4+ 23. Qxe4 Nxe4 24. Nxe6 Rxf2+ 25. Kb3 Kf7 26. Nxg7 Rc8 27.
Nh5 Rxc3+ 28. Ka4 Rxa2+ 29. Kb5 Rc8 30. Rg7+ Ke6 31. Re1 Kd6 32. Rg6+ Ke5 33.
Ng3 Rac2 34. Nxe4 dxe4 35. Rg7 R8c7 36. Rg4 R7c4 37. Ka4 Rb2 38. Rg5+ Kd4 39.
Rb5 b6 40. h5 Rcc2 41. Rg5 a6 42. Ra1 Kc4 43. h6 Ra2+ 44. Rxa2 Rxa2# 0-1

[Event "54. Miedzynarodowy Festiwal Szachowy im. Akiby Rubinsteina<br/>OPEN A "]
[Site "Polanica-Zdroj"]
[Date "1899-12-30"]
[Round "7.21"]
[White "Jablonski, Miroslaw"]
[Black "Piliczewski, Bogusz"]
[Result "1/2-1/2"]
[WhiteTitle "I++"]
[BlackTitle "I+"]
[WhiteElo "1915"]
[BlackElo "2112"]

1. d4 d5 2. Nf3 Nf6 3. e3 Bf5 4. c4 c6 5. Nc3 e6 6. Qb3 Qb6 7. c5 Qc7 8. Qa4 Nbd7
9. b4 Be7 10. Bb2 O-O 11. Nh4 Bg6 12. Nxg6 hxg6 13. f4 g5 14. g3 Ng4 15. Ke2 f5
16. Bg2 gxf4 17. gxf4 Kf7 18. h3 Ngf6 19. Rag1 Rh8 20. Nd1 a6 21. Nf2 Ne4 22.
Bxe4 fxe4 23. Ng4 Rh7 24. Bc3 Rah8 25. Rg3 Bh4 26. Rg2 Be7 27. Rg3 Bh4 28. Rg2
Be7 29. Rg3 Bh4 30. Rg2 Be7 1/2-1/2

[Event "54. Miedzynarodowy Festiwal Szachowy im. Akiby Rubinsteina<br/>OPEN A "]
[Site "Polanica-Zdroj"]
[Date "1899-12-30"]
[Round "7.22"]
[White "Mazalon, Mariusz"]
[Black "Klein, Gernot, Dr."]
[Result "1/2-1/2"]
[WhiteTitle "k"]
[BlackTitle "m"]
[WhiteElo "2055"]
[BlackElo "1922"]

1. d4 d5 2. c4 e6 3. Nf3 c6 4. Qc2 dxc4 5. Qxc4 Nf6 6. g3 b5 7. Qb3 Bb7 8. Bg2
Nbd7 9. O-O a6 10. a4 Qb6 11. e3 c5 12. axb5 axb5 13. Rxa8+ Bxa8 14. Nc3 Bc6 15.
Bd2 c4 16. Qc2 Be7 17. Re1 O-O 18. e4 Ra8 19. d5 Bb7 20. d6 Bf8 21. e5 Ng4 22.
Bf4 b4 23. Ng5 g6 24. Nce4 Bg7 25. Nxf7 Kxf7 26. Ng5+ Kg8 27. Bxb7 Qxb7 28. Qxc4
Ndxe5 29. Qxe6+ Kh8 30. Bxe5 Nxe5 31. d7 Qxd7 32. Rxe5 Qxe6 33. Rxe6 Bxb2 34.
Rb6 Bc3 35. Ne4 Rc8 36. Kf1 Kg7 37. Ke2 Rc4 38. f3 Rc7 39. h4 Rc4 40. Rb7+ Kg8
1/2-1/2

[Event "54. Miedzynarodowy Festiwal Szachowy im. Akiby Rubinsteina<br/>OPEN A "]
[Site "Polanica-Zdroj"]
[Date "1899-12-30"]
[Round "7.23"]
[White "Betkowski, Andrzej"]
[Black "Fraczek, Weronika"]
[Result "1-0"]
[WhiteTitle "k"]
[BlackTitle "k+"]
[WhiteElo "2041"]
[BlackElo "1844"]

1. e4 e5 2. Nf3 Nc6 3. d4 exd4 4. Nxd4 Nf6 5. Nxc6 bxc6 6. e5 Qe7 7. Qe2 Nd5 8.
c4 Nb6 9. Nc3 Qe6 10. Qe4 d5 11. exd6 Qxe4+ 12. Nxe4 cxd6 13. Bd2 Nxc4 14. Bxc4
d5 15. Bd3 dxe4 16. Bxe4 Bd7 17. O-O-O Bc5 18. Bc3 f6 19. Rd2 O-O-O 20. Rhd1 Kc7
21. b4 Bb6 22. a4 a6 23. Kb2 h6 24. f3 Be3 25. Re2 Bf4 26. b5 Rb8 27. Ba5+ Kc8
28. Rxd7 Be5+ 29. Ka2 Kxd7 30. Bxc6+ Kc8 31. bxa6 Bc7 32. Bb7+ Rxb7 33. axb7+
Kb8 34. Bxc7+ Kxc7 35. Re7+ Kb8 36. Rxg7 Rd8 37. Kb3 Rd2 38. Kb4 Ka7 39. Kc5 Ra2
40. Kd5 Rxa4 41. Ke6 Rh4 42. h3 1-0

[Event "54. Miedzynarodowy Festiwal Szachowy im. Akiby Rubinsteina<br/>OPEN A "]
[Site "Polanica-Zdroj"]
[Date "1899-12-30"]
[Round "7.24"]
[White "Turski, Bartlomiej"]
[Black "Litner, Igor"]
[Result "1-0"]
[WhiteTitle "I"]
[BlackTitle "I++"]
[WhiteElo "1830"]
[BlackElo "1990"]

1. e4 d6 2. d4 Nf6 3. Nc3 e5 4. Nf3 Nbd7 5. Bc4 Be7 6. O-O O-O 7. Re1 c6 8. a4
b6 9. Bg5 a6 10. Nh4 Ne8 11. Bxe7 Qxe7 12. Nf5 Qf6 13. Ne2 g6 14. Ne3 Ng7 15.
Rf1 exd4 16. Nxd4 Bb7 17. f3 b5 18. axb5 axb5 19. Rxa8 Rxa8 20. Bb3 Nc5 21. Ng4
Qg5 22. f4 Qe7 23. Nh6+ Kf8 24. f5 Nxb3 25. f6 Qxe4 26. fxg7+ Kxg7 27. Rxf7+ Kxh6
28. cxb3 Qe3+ 29. Kf1 Bc8 30. Rf3 Bg4 31. Nf5+ 1-0

[Event "54. Miedzynarodowy Festiwal Szachowy im. Akiby Rubinsteina<br/>OPEN A "]
[Site "Polanica-Zdroj"]
[Date "1899-12-30"]
[Round "7.26"]
[White "Jankowiak, Tomasz"]
[Black "Witwicki, Pawel"]
[Result "1-0"]
[WhiteTitle "k"]
[BlackTitle "I+"]
[WhiteElo "2117"]
[BlackElo "1854"]

1. e4 e6 2. d4 d5 3. Nd2 Nc6 4. c3 e5 5. dxe5 Nxe5 6. Ngf3 Nc6 7. exd5 Qxd5 8.
Bc4 Qf5 9. O-O Bd7 10. Re1+ Be7 11. Nb3 O-O-O 12. Nbd4 Qh5 13. Ng5 Qxd1 14. Rxd1
Bxg5 15. Bxg5 f6 16. Nxc6 Bxc6 17. Be6+ Bd7 18. Rxd7 Rxd7 19. Rd1 fxg5 20. Rxd7
Nf6 21. Rxg7+ Kb8 22. Rxg5 Re8 23. Re5 Nd7 24. Re2 Nc5 25. Bc4 Rd8 26. g3 a6 27.
Kg2 b5 28. Bb3 Nd3 29. f4 Nc1 30. Rc2 Nd3 31. Re2 Nc1 32. Re7 Rd2+ 33. Kf3 Rxb2
34. f5 Nxb3 35. axb3 Rxb3 36. f6 Rxc3+ 37. Ke4 Rc6 38. f7 Rf6 39. Re8+ Kb7 40.
f8=Q Rxf8 41. Rxf8 1-0

[Event "54. Miedzynarodowy Festiwal Szachowy im. Akiby Rubinsteina<br/>OPEN A "]
[Site "Polanica-Zdroj"]
[Date "1899-12-30"]
[Round "7.27"]
[White "Maciejewski, Kamil"]
[Black "Kies, Mariusz"]
[Result "1-0"]
[WhiteTitle "I"]
[BlackTitle "k"]
[WhiteElo "1886"]
[BlackElo "2043"]

1. Nf3 c5 2. g3 b6 3. Bg2 Bb7 4. c4 d6 5. Nc3 Nf6 6. O-O Nbd7 7. b3 g6 8. Bb2 Bg7
9. d4 Ne4 10. Qc2 Nxc3 11. Bxc3 O-O 12. d5 b5 13. Bxg7 Kxg7 14. Qc3+ Kg8 15. e4
bxc4 16. bxc4 Ba6 17. Nd2 Rb8 18. f4 Rb4 19. a3 Ra4 20. Qc2 Qa5 21. Nb3 Qc7 22.
Nd2 Nb6 23. Rfb1 Qd7 24. Bf1 e6 25. Qc3 Re8 26. Bd3 Bc8 27. Re1 exd5 28. exd5
Qd8 29. Ne4 Rxe4 30. Rxe4 Bf5 31. Re2 Bxd3 32. Qxd3 Rxc4 33. Rae1 Qf6 34. Re4
Rc3 35. Qd2 Rxa3 36. g4 h6 37. g5 hxg5 38. fxg5 Qc3 39. Qf2 Ra1 40. Rxa1 Qxa1+
41. Re1 Qa4 42. Qf3 Qd4+ 43. Kh1 Kg7 44. Rf1 Qxd5 45. Qxd5 Nxd5 46. Rd1 Nc3 47.
Rxd6 Ne4 48. Rd5 f6 49. Rd7+ Kf8 50. gxf6 Nxf6 51. Rxa7 Nd5 52. Ra5 Ne7 53. Rxc5
Kf7 54. Kg2 Kf6 55. Kf3 Ng8 56. Kf4 Nh6 57. Rc6+ Kg7 58. Ra6 Nf7 59. Ke4 Ng5+
60. Kd5 Kh6 61. Ra3 Kh5 62. Kd4 Nh7 63. Rh3+ 1-0

[Event "54. Miedzynarodowy Festiwal Szachowy im. Akiby Rubinsteina<br/>OPEN A "]
[Site "Polanica-Zdroj"]
[Date "1899-12-30"]
[Round "7.28"]
[White "Harazinska, Magdalena"]
[Black "Dryja, Szymon"]
[Result "1-0"]
[WhiteTitle "k"]
[BlackTitle "I++"]
[WhiteElo "2035"]
[BlackElo "1878"]

1. d4 d5 2. c4 c6 3. Nc3 Nf6 4. e3 e6 5. Nf3 Bd6 6. Qc2 O-O 7. Be2 Nbd7 8. O-O
b6 9. b3 Bb7 10. Bb2 Rc8 11. Rad1 Bb8 12. e4 dxe4 13. Nxe4 Nxe4 14. Qxe4 Nf6 15.
Qh4 Qe7 16. Bd3 h6 17. Rfe1 Rfe8 18. Ne5 a6 19. Bc1 Nh7 20. Qh5 f5 21. Re3 Bxe5
22. Rxe5 Qf7 23. Qe2 Qg6 24. Re1 Nf8 25. Bxf5 Qf6 26. Bxe6+ Nxe6 27. Rxe6 Rxe6
28. Qxe6+ Qxe6 29. Rxe6 Rd8 30. Be3 Kf7 31. Re5 Bc8 32. h3 Kf6 33. g4 Be6 34.
Kg2 b5 35. Rc5 Rc8 36. Kf3 g5 37. Ke4 Bf7 38. f4 gxf4 39. Kxf4 Be8 40. d5 bxc4
41. bxc4 Bd7 42. Bd4+ Ke7 43. Ke5 Rf8 44. dxc6 Bc8 45. Be3 Rf3 46. Bxh6 Rxh3 47.
g5 Ra3 48. Bg7 Rxa2 49. Bf6+ Kf7 50. Kd6 a5 51. Kc7 Be6 52. Kb8 a4 53. c7 a3 54.
c8=Q 1-0

[Event "54. Miedzynarodowy Festiwal Szachowy im. Akiby Rubinsteina<br/>OPEN A "]
[Site "Polanica-Zdroj"]
[Date "1899-12-30"]
[Round "7.29"]
[White "Chmiel, Piotr"]
[Black "Kaminski, Jan"]
[Result "0-1"]
[WhiteTitle "I+"]
[BlackTitle "I++"]
[WhiteElo "1865"]
[BlackElo "2026"]

1. e4 c5 2. Nf3 g6 3. Nc3 Bg7 4. d4 cxd4 5. Nxd4 Nc6 6. Nxc6 bxc6 7. Bc4 Qc7 8.
Qf3 Nf6 9. O-O O-O 10. h3 d6 11. Bg5 h6 12. Be3 Rb8 13. Rab1 Be6 14. Bxe6 fxe6
15. Qg3 Kh7 16. f4 Nd7 17. Qh4 Nb6 18. Nd1 Nc4 19. b3 Rf7 20. f5 gxf5 21. exf5
Nxe3 22. Nxe3 Qb6 23. Qe4 exf5 24. Rxf5 Rxf5 25. Qxf5+ Kh8 26. Re1 Qb4 27. Re2
Qb5 28. c4 Qb6 29. Kh2 Be5+ 30. g3 Bg7 31. Qg6 Qd4 32. Nf5 Qf6 33. Qxg7+ Qxg7
34. Nxg7 Kxg7 35. Rxe7+ Kf6 36. Rxa7 Re8 37. Ra6 Re2+ 38. Kg1 Ke5 39. Rxc6 Rxa2
40. Rc8 Rb2 41. Rb8 Ke4 42. Rf8 Rxb3 43. Kg2 Rb2+ 44. Rf2 Rxf2+ 45. Kxf2 Kd4 46.
g4 Kxc4 47. h4 Kd5 48. g5 hxg5 49. h5 Ke5 0-1

[Event "54. Miedzynarodowy Festiwal Szachowy im. Akiby Rubinsteina<br/>OPEN A "]
[Site "Polanica-Zdroj"]
[Date "1899-12-30"]
[Round "7.30"]
[White "Rogacewicz, Mikolaj"]
[Black "Lemanski, Piotr"]
[Result "0-1"]
[WhiteTitle "I+"]
[BlackTitle "II"]
[WhiteElo "2009"]
[BlackElo "1838"]

1. d4 d5 2. c4 c6 3. Nf3 Nf6 4. e3 Bg4 5. Nc3 Nbd7 6. h3 Bh5 7. g4 Bg6 8. Ne5 Ne4
9. Nxg6 Nxc3 10. bxc3 hxg6 11. cxd5 cxd5 12. Rb1 Qc7 13. Qb3 Nb6 14. Bb5+ Kd8
15. Ba3 e6 16. Bxf8 Rxf8 17. a4 Rb8 18. O-O Rh8 19. Kg2 f5 20. f3 Ke7 21. Rh1
Rbc8 22. a5 Na8 23. Qb4+ Kf7 24. Rbc1 b6 25. a6 Qd8 26. c4 Nc7 27. c5 bxc5 28.
Rxc5 Nxb5 29. Rxc8 Qxc8 30. Qxb5 Qc2+ 31. Kg3 Qc7+ 32. Kf2 Rb8 33. Qe2 Rb6 34.
gxf5 gxf5 35. f4 g6 36. Ra1 Qb8 37. Ra2 Qh8 38. Kg2 Qc8 39. Qd3 Kf6 40. Qa3 Kf7
41. Kf3 Qh8 42. Kg3 g5 43. Rc2 gxf4+ 44. exf4 Qb8 45. Qc1 Rxa6 46. Rc8 Qd6 47.
Qd1 Qa3+ 48. Kh4 Qe7+ 49. Kg3 Ra3+ 50. Kh2 Qh4 0-1

[Event "54. Miedzynarodowy Festiwal Szachowy im. Akiby Rubinsteina<br/>OPEN A "]
[Site "Polanica-Zdroj"]
[Date "1899-12-30"]
[Round "7.31"]
[White "Ochmann, Reimund"]
[Black "Gospodarczyk, Wojciech"]
[Result "1-0"]
[WhiteTitle ""]
[BlackTitle "II"]
[WhiteElo "2009"]
[BlackElo "1523"]

1. e4 d5 2. exd5 Qxd5 3. Nc3 Qa5 4. d4 c6 5. Bc4 Bf5 6. Nf3 Nf6 7. O-O e6 8. Bd2
Qc7 9. h3 Be7 10. Ne5 Nbd7 11. Bf4 Bd6 12. Re1 O-O-O 13. Qf3 Nb6 14. Bb3 Nfd5
15. Bg3 h5 16. Nxd5 Nxd5 17. c4 Nb4 18. c5 Bxe5 19. Bxe5 Qe7 20. Rad1 Rhg8 21.
Bh2 Nc2 22. Bxc2 Bxc2 23. Rd2 Bg6 24. b4 Qg5 25. Bf4 Qd5 26. Qg3 Rd7 27. Qc3 f6
28. Bd6 Rxd6 29. cxd6 Qxd6 30. b5 Be8 31. Rc1 Kb8 32. Rb2 Ka8 33. Rb3 Bd7 34.
a4 g5 35. Qf3 g4 36. hxg4 hxg4 37. Qxf6 Rf8 38. Qe5 Qe7 39. Rc2 Qh7 40. Rbc3 Rh8
41. Kf1 Qh1+ 42. Ke2 cxb5 43. Qc7 Bc6 44. Rxc6 bxc6 45. Qxc6+ Kb8 46. Qxb5+ Ka8
47. Qc6+ 1-0

[Event "54. Miedzynarodowy Festiwal Szachowy im. Akiby Rubinsteina<br/>OPEN A "]
[Site "Polanica-Zdroj"]
[Date "1899-12-30"]
[Round "7.32"]
[White "Zak, Pawel"]
[Black "Mirski, Michal"]
[Result "1/2-1/2"]
[WhiteTitle "I"]
[BlackTitle "I"]
[WhiteElo "1721"]
[BlackElo "1981"]

1. b4 c6 2. e3 a5 3. b5 e5 4. Bb2 Qe7 5. c4 Nf6 6. Be2 e4 7. d3 cxb5 8. cxb5 Qb4+
9. Qd2 Qxb5 10. dxe4 Qg5 11. Bf3 Nc6 12. Nh3 Qh4 13. Nf4 Bb4 14. Bc3 O-O 15. g3
Ne5 16. Bg2 Qg4 17. O-O Bxc3 18. Nxc3 Nf3+ 19. Bxf3 Qxf3 20. Qd4 b5 21. Nfd5 Nxd5
22. Qxd5 d6 23. Qd1 Qxd1 24. Rfxd1 b4 25. Nb5 Be6 26. Rxd6 Rfc8 27. Nd4 Bc4 28.
Rb6 Bd3 29. f3 Rc3 30. Kf2 Rac8 31. Ke1 Ra3 32. Kd2 Bc4 33. Rc6 Rxc6 34. Nxc6
Bxa2 35. Nd4 Bc4 36. Rxa3 bxa3 37. Kc3 a2 38. Kb2 Kf8 39. Nc6 Be2 40. f4 Bf3 41.
Nxa5 Bxe4 42. Kxa2 Ke7 43. Kb3 Ke6 44. Kc4 Kf5 45. Kd4 Bg2 46. Nc4 Kg4 47. Ne5+
Kh3 48. Nxf7 Kxh2 49. g4 Kg3 50. g5 Kg4 51. Ke5 Bc6 52. Nd8 Ba4 53. Ne6 h5 54.
gxh6 gxh6 55. f5 h5 56. f6 Be8 57. Ng7 Bf7 58. Nxh5 Kxh5 59. Kf5 Kh6 60. e4 Kh7
61. e5 Kg8 62. e6 Kf8 63. e7+ Ke8 64. Kg5 Be6 1/2-1/2

[Event "54. Miedzynarodowy Festiwal Szachowy im. Akiby Rubinsteina<br/>OPEN A "]
[Site "Polanica-Zdroj"]
[Date "1899-12-30"]
[Round "7.33"]
[White "Pawicka, Magdalena"]
[Black "Szylko, Waldemar"]
[Result "1/2-1/2"]
[WhiteTitle "I"]
[BlackTitle "k+"]
[WhiteElo "1647"]
[BlackElo "1956"]

1. e4 c6 2. d4 d5 3. Nc3 dxe4 4. Nxe4 Nf6 5. Nxf6+ gxf6 6. c3 Bf5 7. Nf3 e6 8.
g3 Bd6 9. Bg2 Qc7 10. O-O Bg4 11. Be3 Nd7 12. h3 Bh5 13. c4 O-O 14. Qd2 Rad8 15.
g4 Bg6 16. Nh4 e5 17. Qc3 Rfe8 18. c5 Bf8 19. f4 exd4 20. Bxd4 Be4 21. b4 b6 22.
cxb6 axb6 23. Rae1 Bxg2 24. Nxg2 Qd6 25. a3 c5 26. bxc5 bxc5 27. Bf2 Nb6 28. Rc1
Rc8 29. Rfe1 Rxe1+ 30. Rxe1 Nd5 31. Qc4 Qc6 32. Ne3 Nxe3 33. Bxe3 Qf3 34. Qf1
Qg3+ 35. Kh1 c4 36. Bd4 c3 37. Re3 Qh4 38. Rxc3 Rxc3 39. Bxc3 Bxa3 40. Kg2 Bc5
41. Qf3 Bb6 42. g5 h6 43. Bxf6 Qe1 44. Qa8+ Kh7 45. Qh8+ Kg6 46. Qg8+ Kf5 47.
Qc8+ Kg6 48. Qg8+ Kf5 49. Qc8+ 1/2-1/2

[Event "54. Miedzynarodowy Festiwal Szachowy im. Akiby Rubinsteina<br/>OPEN A "]
[Site "Polanica-Zdroj"]
[Date "1899-12-30"]
[Round "7.34"]
[White "Konieczynski, Piotr"]
[Black "Antoniewicz, Jakub"]
[Result "1-0"]
[WhiteTitle "I++"]
[BlackTitle "II+"]
[WhiteElo "1897"]
[BlackElo "1769"]

1. d4 f5 2. Nf3 Nf6 3. c4 e6 4. Nc3 d5 5. Bg5 Be7 6. e3 O-O 7. Bd3 h6 8. Bxf6 Bxf6
9. Qc2 Nc6 10. a3 f4 11. cxd5 Ne7 12. e4 g5 13. dxe6 g4 14. e5 Bg7 15. Nh4 Qxd4
16. O-O-O Qxe5 17. Bc4 Qg5 18. Ng6 Re8 19. Nxe7+ Qxe7 20. Nd5 Qc5 21. Nf6+ Bxf6
22. Qg6+ Bg7 23. Qxe8+ Kh7 24. Qb5 Qxb5 25. Bxb5 Bxe6 26. Bd7 Bb3 27. Bf5+ Kg8
28. Rd7 Re8 29. Bxg4 Be5 30. Bh5 Rf8 31. Bf3 Ba4 32. Rd5 Bd6 33. Ra5 Bd7 34. Bxb7
Rb8 35. Rxa7 Kg7 36. Rd1 Kf6 37. Bf3 Bf5 38. Rb7 Re8 39. h3 Re5 40. b4 Re8 41.
a4 Be5 42. a5 Bc8 43. a6 Re6 44. Rd8 Bxb7 45. Bxb7 f3 46. a7 c6 47. Rf8+ Kg7 48.
a8=Q fxg2 49. Rg8+ Kh7 50. Rxg2 1-0

[Event "54. Miedzynarodowy Festiwal Szachowy im. Akiby Rubinsteina<br/>OPEN A "]
[Site "Polanica-Zdroj"]
[Date "1899-12-30"]
[Round "7.35"]
[White "Hetzer, Volkhard"]
[Black "Sacharewicz, Krzysztof"]
[Result "1-0"]
[WhiteTitle ""]
[BlackTitle "I++"]
[WhiteElo "1949"]
[BlackElo "1775"]

1. Nf3 Nf6 2. c4 e6 3. g3 g6 4. Bg2 Bg7 5. Nc3 O-O 6. O-O d5 7. d4 b6 8. Ne5 Bb7
9. Bg5 h6 10. Bf4 Qc8 11. cxd5 Nxd5 12. Nxd5 Bxd5 13. Bxd5 exd5 14. Rc1 Na6 15.
Nf3 g5 16. Bd2 Qe6 17. Re1 c5 18. Bc3 g4 19. Nh4 c4 20. Qd2 b5 21. a3 Rae8 22.
Qf4 f5 23. Rcd1 Nb8 24. b4 Nd7 25. Qc7 1-0

[Event "54. Miedzynarodowy Festiwal Szachowy im. Akiby Rubinsteina<br/>OPEN A "]
[Site "Polanica-Zdroj"]
[Date "1899-12-30"]
[Round "7.36"]
[White "Cap, Piotr"]
[Black "Kejna, Piotr"]
[Result "0-1"]
[WhiteTitle "I"]
[BlackTitle "CM"]
[WhiteElo "1877"]
[BlackElo "1655"]

1. d4 Nf6 2. c4 c5 3. d5 e6 4. Nc3 exd5 5. Nxd5 Nxd5 6. cxd5 d6 7. e4 g6 8. Bb5+
Bd7 9. Qe2 Qa5+ 10. Bd2 Qxb5 11. Qe3 Bg7 12. Ne2 Qxb2 13. O-O Qxa1 14. Rxa1 Bxa1
15. e5 O-O 16. Nc3 Na6 17. f4 b5 18. Qe1 Bb2 19. Ne4 Bd4+ 20. Kh1 Kg7 21. Qh4
Bf5 22. Qf6+ Kg8 23. Nxd6 Nc7 24. Nxf5 gxf5 25. d6 Ne6 26. g4 c4 27. gxf5 Ng7
28. h4 c3 29. Bc1 h5 30. Qg5 f6 31. Qg6 Rad8 32. Kg2 Kh8 33. Kf3 fxe5 34. f6 Rxf6
35. Qg5 Rdxd6 36. Ke4 Rg6 37. Qe7 exf4 38. Qf8+ Kh7 39. Bxf4 Rdf6 40. Qd8 Rxf4+
0-1

[Event "54. Miedzynarodowy Festiwal Szachowy im. Akiby Rubinsteina<br/>OPEN A "]
[Site "Polanica-Zdroj"]
[Date "1899-12-30"]
[Round "7.37"]
[White "Skiba, Aleksandra"]
[Black "Duda, Lucas"]
[Result "1-0"]
[WhiteTitle "I+"]
[BlackTitle ""]
[WhiteElo "1625"]
[BlackElo "1874"]

1. d4 Nf6 2. c4 e6 3. Nc3 Bb4 4. e3 b6 5. Bd3 Bb7 6. f3 c5 7. a3 cxd4 8. exd4 Be7
9. Nge2 O-O 10. O-O d6 11. Ne4 Nbd7 12. Bf4 Qc7 13. N2g3 Rfe8 14. Rc1 e5 15. Be3
g6 16. d5 Nc5 17. Nxc5 bxc5 18. h4 Nd7 19. h5 f5 20. Bd2 Qd8 21. hxg6 hxg6 22.
Nxf5 gxf5 23. Bxf5 Nf8 24. f4 Bf6 25. fxe5 dxe5 26. Rc3 Kf7 27. Be4 Qd6 28. Bg5
Nd7 29. Rcf3 Rab8 30. Bxf6 Nxf6 31. Rxf6+ Qxf6 32. Qh5+ Ke7 33. Qh7+ 1-0

[Event "54. Miedzynarodowy Festiwal Szachowy im. Akiby Rubinsteina<br/>OPEN A "]
[Site "Polanica-Zdroj"]
[Date "1899-12-30"]
[Round "7.38"]
[White "Tsesler, Yakau"]
[Black "Derylo, Kamil"]
[Result "1-0"]
[WhiteTitle ""]
[BlackTitle "I"]
[WhiteElo "1709"]
[BlackElo "1833"]

1. d4 Nf6 2. c4 c5 3. Nf3 cxd4 4. Nxd4 e5 5. Nb5 d5 6. cxd5 Bc5 7. N5c3 Bf5 8.
e3 Nbd7 9. Bc4 O-O 10. O-O Nb6 11. Bb3 Qd7 12. Qe2 e4 13. Rd1 Rad8 14. Na3 Bxa3
15. bxa3 Qe7 16. Bb2 Rd7 17. Rd4 Rfd8 18. Rad1 Qe5 19. h3 Bg6 20. f4 exf3 21.
Qxf3 Re8 22. Kf2 Ne4+ 23. Nxe4 Bxe4 24. Qf4 Rd6 25. Qxe5 Rxe5 26. Ra4 Rf5+ 27.
Ke2 Nxa4 28. Bxa4 Bxg2 29. Rc1 Rfxd5 30. Bb3 Rd2+ 31. Ke1 Bxh3 32. Be5 Rd8 33.
Bc7 R8d7 34. Ba5 R2d6 35. Rc8+ Rd8 36. Rxd8+ Rxd8 37. Bxd8 h5 38. Bd5 b6 39. a4
Bd7 40. a5 bxa5 41. Bxa5 g5 42. Bd8 g4 43. Kf2 Kg7 44. Kg3 f6 45. Kh4 Kg6 46.
Be4+ Bf5 47. Bc6 Be6 48. a4 Bf7 49. Be4+ f5 50. Bd3 Bd5 51. a5 1-0

[Event "54. Miedzynarodowy Festiwal Szachowy im. Akiby Rubinsteina<br/>OPEN A "]
[Site "Polanica-Zdroj"]
[Date "1899-12-30"]
[Round "7.39"]
[White "Jankowski, Aleksander"]
[Black "Jedynak, January"]
[Result "0-1"]
[WhiteTitle "I"]
[BlackTitle "I+"]
[WhiteElo "1728"]
[BlackElo "1827"]

1. e4 e5 2. Nf3 Nf6 3. Nxe5 d6 4. Nf3 Nxe4 5. Nc3 Nxc3 6. dxc3 Be7 7. Be3 O-O 8.
Qd2 b6 9. O-O-O Bb7 10. Bd3 Nd7 11. h4 Nc5 12. Bxc5 bxc5 13. Qe2 h6 14. Rdg1 Re8
15. Qd1 Rb8 16. g4 Bxf3 17. Qxf3 Bxh4 18. Kb1 Qf6 19. Qh3 Bg5 20. b3 Re5 21. f4
Qxf4 22. Rf1 Qe3 23. Qh5 g6 24. Bxg6 fxg6 25. Qxg6+ Kh8 26. a4 Re6 27. Qf5 Qe5
28. Qf7 Rbe8 29. Rf5 Qxc3 30. Rff1 Re1+ 31. Rxe1 Rxe1+ 32. Rxe1 Qxe1+ 33. Ka2
Qe7 34. Qf3 Bf6 35. Qa8+ Kg7 36. Qxa7 Qe5 37. Qxc7+ Kg6 0-1

[Event "54. Miedzynarodowy Festiwal Szachowy im. Akiby Rubinsteina<br/>OPEN A "]
[Site "Polanica-Zdroj"]
[Date "1899-12-30"]
[Round "7.40"]
[White "Wasylkiewicz, Andrzej"]
[Black "Trusz, Julia"]
[Result "0-1"]
[WhiteTitle "I"]
[BlackTitle "I+"]
[WhiteElo "1816"]
[BlackElo "1684"]

1. e4 c6 2. d4 d5 3. e5 c5 4. dxc5 e6 5. Qg4 Nc6 6. Nf3 Nge7 7. Bd3 Ng6 8. Bf4
Bxc5 9. O-O Nce7 10. Nc3 a6 11. a3 Qc7 12. h4 Bd7 13. h5 Nxf4 14. Qxf4 O-O-O 15.
Qg5 f6 16. exf6 gxf6 17. Qxf6 Rdf8 18. Qh4 Rf4 19. Qh2 Bd6 20. Ne1 Rxf2 21. Qh4
Rxf1+ 22. Kxf1 Rf8+ 23. Kg1 Qb6+ 24. Kh1 Qxb2 25. Rb1 Qxc3 26. Nf3 Nf5 0-1